000 02024cam a22004694i 4500
003 PE-LiUPU
005 20250731173011.0
008 150616s1980 ag rb 000 0 spa d
020 _a0311150403
035 _a(Sirsi) i9780311150403
040 _aPE-LiUPU
_bspa
_cPE-LiUPU
_erda
049 _aPRUA
082 0 4 _a270.82
_bD46
_221
100 1 _aDeiros, Pablo A.,
_eautor.
245 1 0 _aHistoria del cristianismo /
_cPablo A. Deiros.
264 1 _aBuenos Aires :
_bCasa Bautista de Publicaciones,
_c1980.
300 _a289 páginas ;
_c28 centímetros
336 _atext
_2rdacontent
337 _aunmediated
_2rdamedia
338 _avolume
_2rdacarrier
504 _aIncluye bibliografía.
505 0 _aLa conquista del Imperio Romano (29-500) -- El cristianismo más allá del Imperio -- Los problemas del cristianismo primitivo -- El gran retroceso (500-950) -- Resurgimiento y progreso (950-1350) -- Decadencia y vitalidad (1350-1500) -- La reforma protestante -- La reforma católica -- Desarrollo del cristianismo protestante -- El movimiento misionero protestante -- El cristianismo protestante en América Latina - Antecedentes y establecimiento -- El cristianismo protestante en América Latina - Desarrollo y situación actual.
526 _aSEG42
526 _aSEG41
526 _aSEG40
526 _aSEG39
526 _aP94
526 _aP87
526 _aP86
526 _aP85
526 _aP77
526 _aP76
526 _aP35
650 0 4 _aIglesia
_xHistoria.
910 _ajck
_bjvq
_cjck
942 _2ddc
_cBOOK
949 _a270.82 D46
_wDEWEY
_c1
_i19812
_d2016-1-8
_e2016-1-7
_lCCODEBUL1
_mBUL
_n1
_r0
_sY
_tBOOK
_u2015-6-16
_xTEOLOGIA
_zUNKNOWN
_0COMPRA
_o.STAFF. Colección Teología
994 _aC0
_bPEPRU
596 _a1
999 _a270.82 D46
_wDEWEY
_c23344
_i19812
_d23344
_e2017-11-27
_f2021-11-12
_g6
_lCCODEBUL1
_mBUL
_n4
_p10.00
_q4
_r0
_sY
_tBOOK
_u2015-6-16
_xTEOLOGIA
_PP35
_0COMPRA
_o.STAFF. Colección Teología
980 _81
_gALBERTO SANCHEZ Responsable de Automatización